Most Popular Songs in USA 6/8/2024 - Statistics

General Stats
  • This quiz has been taken 14 times
  • The average score is 7 of 15
Answer Stats
Rank Artist (Version) Answer Streams Radio Airplay Sales % Correct
2. Kendrick Lamar Not Like Us 50.8 Million 23.8 Million 4 Thousand
71%
5. Sabrina Carpenter Espresso 29.2 Million 30.6 Million 5 Thousand
64%
9. Benson Boone Beautiful Things 22.3 Million 63.1 Million 6 Thousand
57%
11. Taylor Swift, Post Malone Fortnight 19.5 Million 42.7 Million 3 Thousand
57%
15. Ariana Grande we can't be friends (wait for your love) 11.3 Million 48.8 Million 6.5 Thousand
57%
4. Shaboozey A Bar Song (Tipsy) 39.4 Million 22.7 Million 20 Thousand
50%
12. Billie Eilish Birds Of A Feather 24.5 Million 0.3 Million 2 Thousand
50%
3. Tommy Richman Million Dollar Baby 48.8 Million 23.4 Million 8.5 Thousand
50%
14. SZA Saturn 11.2 Million 60.4 Million 0.8 Thousand
50%
13. Metro Boomin, Future, Kendrick Lamar Like That 21.7 Million 31.6 Million 1.5 Thousand
43%
10. Billie Eilish Lunch 25.6 Million 16.4 Million 2 Thousand
43%
8. Hozier Too Sweet 22.2 Million 58.7 Million 6 Thousand
43%
7. Teddy Swims Lose Control 23.3 Million 68.9 Million 6 Thousand
36%
1. Post Malone, Kendrick Lamar I Had Some Help 47.3 Million 52.3 Million 16 Thousand
29%
6. Zach Bryan Pink Skies 31.6 Million 0.2 Million 10 Thousand
29%
No matching quizzes found
Score Distribution
Percent of People with Each Score
Percentile by Number Answered
Your Score History
You have not taken this quiz